| 000 | 00433nam a2200181Ia 4500 | ||
|---|---|---|---|
| 001 | 25176 | ||
| 005 | 20260414151132.0 | ||
| 008 | 260414t2009||||xx |||||||||||||| ||spa|| | ||
| 041 | _aESP | ||
| 082 |
_a346.3 _bJ24 |
||
| 100 |
_aJara Quispe, Rebeca S. _eAUT |
||
| 245 | 0 |
_aManual de derecho de sucesiones _b |
|
| 260 | _c2009 | ||
| 300 |
_a608 páginas : _c24 cm. |
||
| 650 | _aDER | ||
| 654 | _aCDE | ||
| 942 |
_cLIB _dJUS _fJUS _2ddc _n |
||
| 999 |
_c25176 _d25176 |
||